Les Pokémons Solitaires qui n'ont rien pour qu'on se souvienne d'eux - Statistiques

Statistiques générales
  • Ce quiz a été pris 29 fois
  • Le résultat moyen est 20 sur 34
Statistiques - réponses
Génération Pokémon % Correct
1 Métamorph
80%
3 Lovdisc
76%
5 Drakkarmin
72%
2 Écrémeuh
72%
4 Vortente
72%
2 Queulorior
68%
3 Spinda
68%
3 Tropius
68%
2 Caratroc
64%
9 Flamenroule
64%
3 Kecleon
64%
5 Maracachi
64%
4 Pijako
64%
3 Relicanth
64%
6 Trousselin
64%
9 Lestombaile
60%
3 Chartor
56%
7 Denticrisse
56%
7 Dodoala
56%
5 Frison
56%
5 Hexagel
56%
7 Boumata
52%
7 Concombaffe
52%
8 Dolman
52%
9 Ferdeter
52%
7 Sinistrail
52%
4 Spiritomb
52%
2 Cadoizo
48%
9 Craparoi
48%
5 Cryptéro
48%
7 Guérilande
48%
9 Délestin
44%
5 Mamanbo
40%
8 Wattapik
40%
Aucun quiz correspondant
Distribution des résultats
% des personnes avec chaque résultat
Percentile par nombre de réponses
Votre historique - résultats
Vous n’avez pas pris ce quiz